ktory klub wygral lige mistrzow w danym roku - Statystyki

Ogólne statystyki
  • Ten quiz został rozwiązany 22 razy
  • Średni wynik to 11 z 15
Statystyki odpowiedzi
Hint Odpowiedź % Poprawnych
2009 fc barcelona
94%
2020 bayern monachium
89%
2010 inter mediolan
89%
2023 manchester city
89%
2008 manchester united
89%
2014 real madryt
89%
1956 real madryt
89%
2012 chelsea
83%
2019 liverpool
83%
2000 real madryt
78%
2011 fc barcelona
67%
1993 olympique marsylia
67%
1997 borussia dortmund
56%
1995 ajax amsterdam
33%
1986 fc steaua bukareszt
33%
Nie znaleziono quizów pasujących do podanych kryteriów
Rozkład punktacji
Procent ludzi z każdym wynikiem
Percentyl według liczby udzielonych odpowiedzi
Twoja historia wyników
Nie rozwiązałeś tego quizu